000 nam a22 7a 4500
999 _c30371
_d30371
008 190520b xxu||||| |||| 00| 0 eng d
020 _a9789966083388
050 _aHN 780
_b.Z9 2009
100 _aTarimo,Aquiline.
245 _aEthnicity, conflict, and the future of African states
_cA. Tatimo & P. Manwelo.
300 _a118p. ;
_c21cm.
650 _aAfrica
650 _aEthnic conflict
700 _aManwelo,Paulin.
942 _2lcc
_cAFRICANA
_hHN 780 .Z9 2009